College Quizbowl Stats
College Quizbowl Stats
Circuits
Seasons
Sets
Records
Detailed Stats
About
Loading...
Midwest
Tossups
Bonuses
Players
Teams
Categories (Tossup)
Categories (Bonus)
Jacob Harl
Missouri S&T A
Categories
Category
Powers
Gets
Negs
BBs
Points
Earliest Buzz
Avg. Buzz
First Buzzes
Top 3 Buzzes
BPA
PVF
Fine Arts - Classical Music
0
1
0
0
10
116
116.00
0
0
0.00
0.00
Mythology
0
1
0
1
10
124
124.00
0
0
0.00
0.00
Science - Physics
0
1
0
0
10
64
64.00
0
0
0.00
0.00
Literature - British
0
0
1
0
-5
0.00
0
0
0.00
0.00
Buzzes
Category
Answer
Value
Buzz Position
Science - Physics
interferometers
10
64
Literature - British
Sun
-5
87
Fine Arts - Classical Music
flute
10
116
Mythology
sex change
10
124
Previous
1
Next